Urban Buddha/ (Record no. 211830)

MARC details
000 -LEADER
fixed length control field 00514nam a22001937a 4500
005 - DATE AND TIME OF LATEST TRANSACTION
control field 20250616152322.0
010 ## - LCCN (DPL NO)
LC control number ENG-145364
020 ## - INTERNATIONAL STANDARD BOOK NUMBER
International Standard Book Number 9789390907069
Terms of availability 300.00
035 ## - SYSTEM CONTROL NUMBER
System control number EN-128896
037 ## - SOURCE OF ACQUISITION
Source of stock number/acquisition DBAD
082 ## - DEWEY DECIMAL CLASSIFICATION NUMBER
Classification number 250
Edition number 1
100 ## - MAIN ENTRY--PERSONAL NAME
Personal name Saini, Deepak
245 ## - TITLE STATEMENT
Title Urban Buddha/
Statement of responsibility, etc Deepak Saini
250 ## - EDITION STATEMENT
Edition statement 1
260 ## - PUBLICATION, DISTRIBUTION, ETC. (IMPRINT)
Place of publication, distribution, etc New Delhi
Name of publisher, distributor, etc Lifi Publications
Date of publication, distribution, etc 2022
270 ## - ADDRESS
Address 12, Rajendra Place
City New Delhi
Postal code 110008
300 ## - PHYSICAL DESCRIPTION
Extent 170p.
Dimensions 20cm(pb)
942 ## - ADDED ENTRY ELEMENTS (KOHA)
Source of classification or shelving scheme Dewey Decimal Classification
Item type English Books
Classification part 250
Call number suffix SAI
Holdings
Withdrawn status Lost status Not for loan Collection code Home library Current library Date acquired Source of acquisition Cost, normal purchase price Full call number Barcode Copy number Cost, replacement price Koha item type
      Non-fiction Mobile Library Mobile Library 16/06/2025 Delivery of Books Act Division 300.00 250 SAI EN-128896 1 300.00 English Books

© Delhi Public Library
Hit Counter
free hit counter